Concerto pour viola et orchestre
Guardat en:
| Autor principal: | |
|---|---|
| Format: | Llibre |
| Idioma: | espanyol |
| Publicat: |
Frankfurt am Main
H.L. Grahl
1950
|
| Matèries: | |
| Etiquetes: |
Afegir etiqueta
Sense etiquetes, Sigues el primer a etiquetar aquest registre!
|
MARC
| LEADER | 00000nam a2200000 a 4500 | ||
|---|---|---|---|
| 001 | UCK5033 | ||
| 003 | CL-VaPUC | ||
| 005 | 20240912113344.0 | ||
| 008 | 050708e19500000GW |||||||||||||||||spa|d | ||
| 999 | |c 313724 |d 313722 | ||
| 040 | |c Pontificia Universidad Católica de Valparaíso | ||
| 082 | 0 | 4 | |a Va784.186 |b ZEL |2 21 |
| 100 | 0 | |a Zelter, Carl Friedrich |e author |9 493715 | |
| 245 | 1 | 0 | |a Concerto pour viola et orchestre |
| 260 | |a Frankfurt am Main |b H.L. Grahl |c 1950 | ||
| 300 | |a pág. irreg | ||
| 500 | |a Incluye: 7 partes instrumentales | ||
| 500 | |a Faltan partes de viola, 2 hörner, cembalo | ||
| 583 | |a last modification |c 20180109 02:33:34 |k Rodrigo Vera | ||
| 650 | 0 | |a Conciertos |9 306377 | |
| 650 | 0 | |a Música para viola y orquesta |2 CL-VaPUC |9 493716 | |
| 650 | 0 | |a Compositores alemanes |9 324765 | |
| 650 | 0 | |a Música para instrumentos de cuerda |2 CL-VaPUC |9 324832 | |
| 942 | |c BK |2 ddc | ||
| 945 | |d 20050708 00:00:00 |a cmena | ||
| 952 | |0 0 |1 0 |4 0 |6 VA_784_186000000000000_ZEL_1950 |7 0 |8 X |9 385212 |a BIBEDU |b BIBEDU |c BIBEDU_PB |d 2019-11-22 |i 4096037 |o Va784.186 ZEL 1950 |p 4096037 |r 2023-01-12 |w 2019-11-22 |y BK_X |k MUS | ||